000 00794nab a2200193 4500
001 244442
003 OSt
005 20250515085358.0
007 tu
008 200917s2020|||||||
040 _aDE-2950
_cDE-2950
245 0 0 _aFrankfurter erinnern sich an das Kriegsende 1945
_bGedenken. Noch gibt es sie: Menschen, die Erinnerungen an das Ende des Zweiten Weltkrieges vor 80 Jahren haben. Doch einige kämpfen gegen das Vergessen, andere brechen in Tränen aus - zu traumatisch waren die Erlebnisse. Fünf Frankfurter erzählen ihre Geschichten/
_cLisa Larossa
264 _c2024
653 _aFrankfurt (Oder)
653 _aKriegsende 1945
653 _aErinnerungen
773 0 _g36. Jahrgang (2025) Nr. 106 vom 08..05.2025, S. 16 + 17, mit Fotos
_tMärkische Oderzeitung
942 _2z
_cA
999 _c373768
_d373768